| 000 | 00599nam a2200217Ia 4500 | ||
|---|---|---|---|
| 003 | OSt | ||
| 005 | 20220928141505.0 | ||
| 006 | a|||||r|||| 00| 0 | ||
| 007 | ta | ||
| 008 | 220927b |||||||| |||| 00| 0 eng d | ||
| 024 | _a15508 | ||
| 037 | _cTextual | ||
| 040 |
_aSDCL _cSDCL _beng |
||
| 041 |
_2eng _aeng |
||
| 082 | _aV1:19(C9B3)N7, M1 | ||
| 100 | _aMandelbaum Michael | ||
| 245 | 0 |
_aNuclear revolution _bInternational politics before and after Hiroshima |
|
| 260 | _c1981 | ||
| 942 |
_hV1:19(C9B3)N7, M1 _cTEXL _2CC |
||
| 999 |
_c817910 _d817910 |
||